000 00757nam a2200253Ia 4500
003 OSt
005 20220912152256.0
006 a|||||r|||| 00| 0
007 ta
008 220909b |||||||| |||| 00| 0 eng d
024 _a54317
037 _cTextual
040 _aCSL
_beng
_cCSL
041 _aeng
082 _aJ0aD855p1,N74, L6-;1
111 _aInternational conference on the agriculture and water quality (1974 : Suttonbonington)
245 0 _aProceeding on the agriculture and water quality
260 _aLondon
_bHer Majestye Stationary Office
_c1976
300 _ap.
_ccm.
490 _aTechnical bulletin; 32
650 _aAgriculture
942 _hJ0aD855p1,N74, L6-;1
_cTEXL
_2CC
999 _c83588
_d83588